000 00223 a2200097 4500
001 46829
100 _aHalperin M
245 _aContemporary military strategy
260 _aLondon
_bFaber & Faber
_c
090 _c29919
_d29919
942 _aNUST-CAE
_cM
_c22134
999 _c281902
_d281902